00941 2200373 4500001002100000005001700021008004100038020001800079035002400097082001000121090002000131100002100151245003400172250001000206260003100216300002700247500002600274650002600300850001500326980001300341985000600354999001500360999001500375999001500390990001800405990001800423990001800441990001800459990001800477990001800495990001800513990001800531990001800549YOGYA-0209000004019420090227025629.0 ind  a979-21-1481-5 0010-020900000040194 a635.9 a635.9bPur KlT aPURWANTO, Arie W aKeladi hiascArie W. Purwanto aCet.1 aYogyakartabKanisiusc2007 a98 hlmbilusc21x22 cm aBibliografi : hlm. 98 aKeladi (Tanaman hias) aYOPDYOG(B) a19-11-07 a3 a07B0031831 a07B0031832 a07B0031833 a31832-PD/B.07 a31831-PD/B.07 a31833-PD/B.07 a31833-PD/B.07 a31831-PD/B.07 a31832-PD/B.07 a31831-PD/B.07 a31832-PD/B.07 a31833-PD/B.07